|
|
|
|
| LEADER |
00000naa2a2200000 4500 |
| 001 |
158966 |
| 005 |
20231031154847.0 |
| 035 |
|
|
|a (RuTPU)RU\TPU\book\172409
|
| 090 |
|
|
|a 158966
|
| 100 |
|
|
|a 20090430d2008 k y0rusy50 ca
|
| 101 |
0 |
|
|a rus
|
| 102 |
|
|
|a RU
|
| 200 |
1 |
|
|a Особенности монополизации экономики в Российской Федерации
|f Д. А. Бойков, Н. С. Мациевский
|g науч. рук. Н. С. Мациевский
|
| 461 |
|
1 |
|0 (RuTPU)RU\TPU\book\166087
|t Энергия молодых - экономике России
|o труды IX Международной научно-практической конференции студентов и молодых ученых, г. Томск, 19-22 мая 2008 г.
|f Томский политехнический университет (ТПУ) ; Вольное экономическое общество России ; Международный союз экономистов (МСЭ)
|d 2008
|
| 463 |
|
0 |
|0 (RuTPU)RU\TPU\book\167192
|t Ч. 2
|v С. 19-22
|d 2008
|
| 610 |
1 |
|
|a экономика
|
| 610 |
1 |
|
|a монополизация
|
| 610 |
1 |
|
|a рыночная экономика
|
| 610 |
1 |
|
|a монополии
|
| 610 |
1 |
|
|a труды учёных ТПУ
|
| 700 |
|
1 |
|a Бойков
|b Д. А.
|
| 701 |
|
1 |
|a Мациевский
|b Н. С.
|
| 702 |
|
1 |
|a Мациевский
|b Н. С.
|4 727
|
| 801 |
|
1 |
|a RU
|b 63413507
|c 20090430
|g PSBO
|
| 801 |
|
2 |
|a RU
|b 63413507
|c 20161122
|g PSBO
|
| 942 |
|
|
|c BK
|